000 00684nam a2200289Ia 4500
001 Z_4258
003 CHAP
008 220113s1998 xx 000 0 und d
010 _a167321
040 _cCHAP
082 _a636.2 M42
100 _aMellado Bosque, Miguel
_974360
245 _aConstrucción de cercos : para ganado bovino /
_cpor Miguel Mellado Bosque
260 _aMéxico, D.F. :
_bTrillas,
_c1998
300 _a84 p. ; ilus.
440 _a
500 _a
503 _aC/E
650 _aCercos
_921350
650 _aGanado vacuno
_xCría de
_945451
901 _a636.2 M42
902 _aA
910 _a1998
942 _c1
942 _cc1
999 _c167321
_d167321